Jeux olympiques Paris 1924 - Nations participantes - Statistiques

Statistiques générales
  • Ce quiz a été pris 35 fois
  • Le résultat moyen est 36 sur 44
Statistiques - réponses
PAYS % Correct
Amérique Canada
100%
Europe Espagne
100%
Europe Portugal
100%
Océanie Australie
97%
Amérique Etats-Unis
97%
Europe France
97%
Asie Japon
97%
Europe Royaume-Uni
97%
Europe Autriche
94%
Amérique Brésil
94%
Europe Pologne
94%
Europe Suède
94%
Europe Suisse
94%
Amérique Argentine
90%
Amérique Chili
90%
Amérique Mexique
90%
Europe Irlande
90%
Europe Norvège
90%
Europe Pays-Bas
90%
Europe Belgique
87%
Europe Danemark
87%
Europe Finlande
87%
Europe Grèce
87%
Europe Italie
87%
Europe Hongrie
84%
Afrique Afrique du Sud
81%
Océanie Nouvelle-Zélande
81%
Europe Luxembourg
77%
Europe Roumanie
77%
Europe Yougoslavie
77%
Europe Bulgarie
74%
Asie Inde
71%
Europe/Asie Turquie
71%
Amérique Uruguay
71%
Europe Estonie
68%
Europe Lettonie
68%
Europe Lituanie
65%
Europe Tchécoslovaquie
65%
Amérique Cuba
61%
Afrique Egypte
58%
Amérique Equateur
55%
Europe Monaco
52%
Amérique Haiti
45%
Asie Philippines
35%
Aucun quiz correspondant
Distribution des résultats
% des personnes avec chaque résultat
Percentile par nombre de réponses
Votre historique - résultats
Vous n’avez pas pris ce quiz